| 000 | 00687cam a22002171 4500 | ||
|---|---|---|---|
| 001 | sa 68016114 | ||
| 003 | DLC | ||
| 005 | 20260227112652.0 | ||
| 008 | 890420s1967 io c 000 0 ind | ||
| 010 | _asa 68016114 | ||
| 035 | _a(OCoLC)23546808 | ||
| 040 |
_aDLC _cMiU _dDLC |
||
| 042 | _apremarc | ||
| 043 | _aa-io--- | ||
| 050 | 0 | 0 |
_aHC447 _b.D485 |
| 100 | 1 |
_aDiah, B. M., _d1916- |
|
| 245 | 1 | 0 | _aPidato Menteri Penerangan dalam briefing Pemerintah Pusat dengan kepala-kepala Perwakilan R. I. atase-atase pers dan ekonomi se-Asia. |
| 260 |
_a[Djakarta] _bDepartemen Penerangan R.I. _c[1967?] |
||
| 300 |
_a31 p. _bport. _c20 cm. |
||
| 651 | 0 |
_aIndonesia _xEconomic conditions _y1945- |
|
| 999 |
_c86918 _d86918 |
||